| 000 | 01115cac a22003375a 4500 | ||
|---|---|---|---|
| 005 | 20240818092803.0 | ||
| 008 | 150804t2005 -uka|||fr|||| 001 0 eng d | ||
| 010 | _a 2004053353 | ||
| 020 | _a1568812345 | ||
| 020 | _a9781568812342 | ||
| 035 | _a(OCoLC)ocm55847245 | ||
| 082 | 0 | 4 |
_a512.5 _bFAR _222 |
| 100 | 1 | _aFarin, Gerald E. | |
| 245 | 1 | 0 |
_aPractical linear algebra : _ba geometry toolbox / _cGerald Farin, Dianne Hansford. |
| 260 |
_aWellesley, Massachusetts : _bA K Peters _cc.2005. |
||
| 300 |
_axvi, 384 p. : _bill. ; _c25 cm. |
||
| 500 | _aGlossary : p.367-370. | ||
| 500 | _aIndex : p. 373-384. | ||
| 504 | _aBibliography : p. 371-372 | ||
| 590 | _ayassmeen ashraf | ||
| 650 | 0 |
_aAlgebras, Linear _xStudy and teaching. _2BUEsh |
|
| 650 | 0 |
_aGeometry, Analytic _xStudy and teaching. _2BUEsh |
|
| 650 | 0 |
_aLinear operators. _2BUEsh |
|
| 651 | _2BUEsh | ||
| 653 |
_bENGELC _cAugust2015 |
||
| 700 | 1 | _aHansford, Dianne. | |
| 942 |
_cTB _k512.5FAR. _2ddc _hRDA-MOD |
||
| 999 |
_c5228 _d5228 |
||
| 336 |
_2rdacontent _atext _btxt |
||
| 337 |
_aunmediated _2rdamedia _bn |
||
| 338 |
_avolume _bnc _2rdacarrier |
||